| 000 | 00642nam a22002057a 4500 | ||
|---|---|---|---|
| 003 | OSt | ||
| 005 | 20250630063906.0 | ||
| 008 | 250630b |||||||| |||| 00| 0 eng d | ||
| 020 | _a978-971-23-8259-8 | ||
| 040 |
_aDWCL - Main lib _cOC |
||
| 082 | _aFil. 346.599 S939l 2016 | ||
| 100 | _aSualog, Cyrus Victor T. | ||
| 245 |
_aLaw on sales based on Philippine Jurisprudence/ _cCyrus Victor T. Sualog |
||
| 260 |
_aManila, Philippines: _b Rexbook store, _cc2016. |
||
| 300 |
_axxxviii,608 pages: _b illustrations; _c23cm |
||
| 650 | _a1. Commercial law | ||
| 650 | _a2. Civil law | ||
| 650 | _a3. law | ||
| 942 |
_2ddc _cBK - FIL _kFil. _n0 |
||
| 999 |
_c3308 _d3308 |
||